00429nam a2200121Ia 4500008004100000245016800041260001700209260000900226300000800235650002300243650001200266856002900278170516s9999 xx 000 0 und d aEvolution- and Structure-Based Computational Strategy Reveals the Impact of Deleterious Missense Mutations on MODY 2 (Maturity-Onset Diabetes of the Young, Type 2) bTheranostics c2014 a4:4 xMedical Technology xMedtech uhttp://www.thno.org/v4i4